000 00822nam a22002177a 4500
999 _c9719
_d9719
003 AR-CdUCM
008 190328b ||||| |||| 00| 0 spa d
040 _aMUNICIPALIDAD PROVINCIAL DEL CUSCO
_cBIBLIOTECA MUNICIPAL DEL CUSCO
082 _a823.828 /
_bW56 E /
100 _aWilde, Oscar
_91401
245 _aEl crimen de lord Arturo Savile /
260 _aMadrid :
_bArtes gráficas,
300 _a294 paginas ;
_bIlustraciones,
_c20 cm.
505 _aContenido : El crimen de lord Arturo Savile -- El fantasma de canterville -- La esfinge sin secreto -- El modelo millonario -- La piel de naranja...
650 _aOscar wilde
_926116
650 _aCuentos y ensayos
_926117
650 _aLiteratura Americana
_912159
700 _aGomez de la Serna, Julio (Traductor)
_923877
942 _2ddc
_cLIBROS
945 _awnts